Statistiques concernant Littérature commençant par la lettre V

Cliquez ici pour prendre le quiz!

Statistiques générales

  • Ce quiz a été pris 970 fois
  • Le résultat moyen est 13 sur 20

Statistiques - réponses

IndicesRéponses% Correct
Prénom de HugoVictor
99%
Instrument dont joue Sherlock HolmesViolon
97%
Philosophe des Lumières dont la véritable identité est François-Marie ArouetVoltaire
96%
Aphrodite chez les RomainsVénus
94%
Célèbre écrivain français dont les romans d'aventures évoquent les progrès scientifiques de son époqueJules Verne
91%
Il vit avec RobinsonVendredi
90%
Celui-dont-on-ne-doit-pas-prononcer-le-nomLord Voldemort
87%
Scientifique, inventeur, sculpteur, architecte, philosophe, musicien, écrivain,...: cet italien était un homme on ne peut plus polyvalentLéonard de Vinci
83%
Ville dans laquelle vivent Roméo et JulietteVérone
79%
Matière de la pantouffle de CendrillonVair
78%
Roman de ce dernier ou deux hommes pénètrent dans les entrailles de la Terre par un volcan islandaisVoyage au centre de la Terre
74%
Poète dont "les sanglots longs" de cet instrument "blesse le cœur d'une langueur monotone"Paul Verlaine
62%
"Monsieur le Président Je vous fais une lettre Que vous lirez peut-être Si vous avez le temps"Boris Vian
55%
Époux de cette dernièreVulcain
54%
Auteur de l'EnéideVirgile
51%
Poète français du XVème siècle auteur de nombreuses ballades et dont on perd totalement la trace après son exilFrançois Villon
34%
Deuxième enfant à trouver un ticket d'or pour visiter la chocolaterie (prénom)Veruca Salt
22%
Homme de lettre français auteur de la pièce ChattertonAlfred de Vigny
14%
Principale oeuvre de SuétoneVie des douze Césars
13%
Poète et dramaturge baroque qui fut condamné à être brûlé vif mais qui échappa à sa sentenceThéophile de Viau
3%

Distribution des résultats

Percentile par nombre de réponses

% des personnes avec chaque résultat

Votre développement - résultats

Vous n’avez pas pris ce quiz